00405nam a2200157Ia 450000500170000000800410001702000150005805000240007310000170009724500490011426000300016330000330019344000060022652100070023252600080023920140402110602.0140130s9999 xx 000 0 und d a0439168279 aF 334 b.Ad237 2000 aAdler, David cDavid Adler.aA picture book of Rosa Parks / bScholastic,aUSA :c2000. a30 p. :bcol. ill. ;c24 cm. v1 aG7 c880